MDQL
is popping MORE tags! Check the
thread
!
Quizzes
Events
Quiz Creation
Community
Videos
Private Events
Remove Ads
Sign In
Join for FREE
Feedback
Dark Mode
Quiz Categories
Sports
Geography
Music
Movies
Television
Just For Fun
Miscellaneous
History
Literature
Language
Science
Gaming
Entertainment
Religion
Holiday
For Kids
Quiz Lab
Recent
Popular Today
Quiz Kudos Today
Editor Picks
Curator Picks
Quizzes by...
Day
Popularity
Type
Ratings
Length
Year
Community
Subscriptions
Recent Discussions
Orange Saloon
Badges
Playlists
Quests
Create
Leaderboards
Showdown
Live 5
Trivia Bingo
Activity
Puzzle Library
Sporcle Events
Private Events
Virtual Trivia
Globe League
Become a Host
Pub Owners
SporcleCon
Opinionation
Our Games
Videos
Blog
Mobile Apps
Partnerships
Remove Ads and Go Orange
Feedback
Music
Pop Music
The Beatles
Song
Album
Lyrics
Bands
Singers
Artist
Clip
Rock
Rap
Classical
Billboard
Country Music
Kpop
Taylor Swift
Music
Pop Music
The Beatles
Song
Album
Lyrics
Bands
Singers
Artist
Clip
Rock
Rap
Classical
Billboard
Country Music
Kpop
Taylor Swift
Random Quiz
Search Sporcle
×
Quiz Lab
Quiz Lab
Music
Lyrics
Type in answers that appear in a list
Type in answers that appear in a list
Classic
Best Score? Go Orange.
Finish the lyrics- 30 Seconds to Mars Stats
Can you name the lyrics to Hurricane by 30 Seconds to Mars?
By
RebeccaAnn93
3m
26 Questions
739 Plays
739 Plays
739 Plays
Comments
Comments
Give Quiz Kudos
Give Quiz Kudos
-
- Ratings
hide this ad
More Info
Forced Order
Answers have to be entered in order
Answers have to be entered in order
Replay
Link that replays current quiz
Next Quiz
Link to next quiz in quiz playlist
You Got
0%
They Got
Avg Score
63%
Avg Friend Score
Upgrade to see
Score Distribution
Jump to the score distribution portion of the page
Score
0/26
Timer
03:00
0
Plays Today
Start of lyric
lyric
% Correct
No matter how many times that you told me you wanted to
leave
94%
Tell me would you kill to
save
87.7%
Tell me would you kill to
prove
86.2%
No matter how many
nights
85.8%
you still couldn't
breathe
85.1%
No matter how many
breaths
80.1%
Crash, crash, burn, let it all burn, This hurricane's
chasing
79.7%
Where did you go? Where did you go? Where did you go? As
days
79%
No matter how many
lives
74.2%
Tell me would you kill to
save
68.2%
to the sound of the
poison
67.4%
No matter how many
deaths
66.6%
Tell me would you kill to
prove
66.4%
Start of lyric
lyric
% Correct
Crash, crash, burn, let it all burn, This hurricane's
chasing
63.1%
There is a fire inside of this heart in a
riot
60.9%
Where is your god? Where is your god? Where is your god? Do you really want?Do you really want me?Do you really want me dead?Or alive to
torture
60.9%
Do you really want?Do you really want me?Do you really want me dead?Or alive to
live
59.4%
Tell me would you kill to
save
49.9%
The
promises
49.7%
The love we had the love had we had to let it
go
49.3%
Tell me would you kill to
prove
49%
The prayer that we prayed were like a
drug
46.7%
Crash, crash, burn, let it all burn This hurricane's
chasing
44.9%
Do you realy want? Do you really want me? Do you really want me dead? Or alive to
torture
39.1%
Do you really want?Do you really want me?Do you really want me dead?Or alive to
live
37.9%
The secrets that we sold were never
known
32.2%
Quiz Playlist
Details
Report
Send in Message
Add To Playlist
More Info:
This is not Hurricane 2.0 including Kanye West- it is the original version.
Classic:
Type in answers that appear in a list
Forced Order:
Answers have to be entered in order
Quiz Source
Last Updated: Feb 16, 2017
Quiz Scoreboard
CHALLENGE
Sign Up to Join the Scoreboard
Show All
Scores
Hide
Comments
May contain spoilers
Recently Published
Colored Red Africa Blitz
by spor1
Geography
30s
Find the 'City' Movie
by crazypaving
Movies
60s
5x2 Blitz: Bands
by SL_Kpop136
Music
30s
More to Explore
Quiz From the Vault
Featured Blog Post
14 Easter Pick-up Lines to Find Eggs With
hide this ad
You Might Also Like...
Tags
Lyrics Quiz
30 Seconds
hurricane
Jared Leto
Kanye West
Today's Top Quizzes in Music
Browse Music
hide this ad
Today's Top Quizzes in Lyrics
Browse Lyrics
Top Contributed Quizzes in Music
1
5X2 Blitz: Bands II
2
Taylor Swift All Songs (2024)
3
Taylor Swift Logic Puzzle II
4
5X2 Blitz: The Beatles
5
5X2 Blitz: Billboard
6
Taylor Swift Logic Puzzle
7
5X2 Blitz: Billboard II
8
5X2 Blitz: Album
9
5X2 Blitz: Singers
10
Music Artist by Three 2010s hits
Explore More
Trending Topics
Marvel
Anime
Kpop
Disney
Crossword
Harry Potter
NBA
Country
NFL
Puzzle
Song
Pokémon
WWE
Soccer
The Office
hide this ad
More By:
RebeccaAnn93
Quiz
Plays
Rating
Category
Featured
Created
Name the Dawson's Creek characters
1,329
3.33
Television
Sep 17, 2010
Finish the lyrics- 30 Seconds to Mars
739
2.00
Music
Dec 19, 2010
Jared Leto movies (pics)
341
5.00
Movies
Oct 1, 2010
Name the Shia LaBeouf movies (pics)
326
3.50
Movies
Oct 3, 2010
Go to Creator's Profile
Score Distribution
Quiz Creator Spotlight
RebeccaAnn93
Follow
Send a Message
Quizzes Created
-
Created Quiz Play Count
-
More By This Creator
Popular Quizzes Today
1
Colored Red Africa Blitz
2
Find the 'City' Movie
3
Find the US States - No Outlines Minefield
4
5x2 Blitz: Bands
5
The Countries of the World
6
Find the US States
7
US States
8
9x9 Crossword: Cartoon Network
More Music Quizzes
The Official BTS Discography (2024)
Quiz Lab
Trending Quizzes
Colored Red Europe Blitz I
Colored Red Europe Blitz II
Colored Red Africa Blitz II
Colored Red Africa Blitz III
Colored Red Europe Blitz III
Recently Updated
Godzilla Movies
pecheneg
Grab Bag: 4-10 Letters
pecheneg
2024 March Madness Bracket
pecheneg
Famous TV Couples
Peacemaker
Champions League XIs: Real Madrid
pecheneg
Largest US Cities 1790-2010
pecheneg
Rides in Walt Disney World
pecheneg
Most Oscar Losses (Acting)
pecheneg
Beyoncé Albums
pecheneg
Leaping Animals
pecheneg
Trending Topics
Kpop
Crossword
Harry Potter
NBA
Disney
Anime
Marvel
NFL
WWE
Pokémon
Puzzle
Soccer
The Office
Country
Song
Your Account Isn't Verified!
In order to create a playlist on Sporcle, you need to verify the email address you used during registration. Go to your
Sporcle Settings
to finish the process.
Report this User
Report this user for behavior that violates our
Community Guidelines
.
Details:
Send Report
Go to the Sporcle.com Mobile Site →
Comments